| 000 | 00599nam a22001937a 4500 | ||
|---|---|---|---|
| 003 | OSt | ||
| 008 | 260629b |||||||| |||| 00| 0 eng d | ||
| 020 | _a9781319545048 | ||
| 082 |
_a155.4 _bB49D |
||
| 100 | _aBerger, Kathleen Stassen | ||
| 245 |
_aThe Developing Person: Through Childhood and Adolescence _cBerger, Kathleen Stassen |
||
| 260 |
_aNew York _bWorth Publishers, Macmillan Learning _c2024 |
||
| 300 | _axxii., 468p., SL-14 | ||
| 650 | _aChild development. | ||
| 650 | _aAdolescent development. | ||
| 650 | _aChild psychology. | ||
| 650 | _aAdolescent psychology. | ||
| 942 |
_2ddc _cBK |
||
| 999 |
_c52480 _d52480 |
||